000 00604nam a2200229Ia 4500
003 OSt
005 20220923222024.0
006 a|||||r|||| 00| 0
007 ta
008 220922b |||||||| |||| 00| 0 kan d
024 _a201,802
037 _cTextual
040 _aARTS
_cARTS
_bkan
041 _2kan
_akan
082 _aO33,6x, 152K5
245 0 _aकर्नाटक दर्शन
246 _aKarnāṭak darshana
260 _c1977
650 _aकन्नड़ साहित्य
_9156264
942 _hO33,6x, 152K5
_cTEXL
_2CC
999 _c353365
_d353365